[Event "FIN-ch Seniors 2019"]
[Site "Helsinki"]
[Date "2019.06.18"]
[Round "9.7"]
[White "Koskinen, Veikko"]
[Black "Lyly, Seppo"]
[Result "1-0"]
[WhiteElo "1866"]
[BlackElo "1907"]
[Annotator "NA"]
[PlyCount "77"]
[EventDate "2019.06.10"]
[EventType "swiss"]
[EventCountry "FIN"]
[SourceTitle "playchess.com"]
[Source "ChessBase"]
[SourceQuality "1"]
[TimeControl "40/5400+30:1800+30"]

1. f4 {[%emt 0:02:24]} Nf6 {[%emt 1:30:30]} 2. Nf3 {[%emt 0:00:17]} g6 {[%emt 0:00:00]} 3. g3 {[%emt 0:00:35]} Bg7 {[%emt 0:00:00]} 4. Bg2 {[%emt 0:00:06]} O-O {[%emt 0:00:00]} 5. O-O {[%emt 0:00:11]} c5 {[%emt 0:00:00]} 6. d3 {[%emt 0:01:20]} d5 {[%emt 0:00:00]} 7. c3 {[%emt 0:00:36]} Nc6 {[%emt 0:00:00]} 8. Na3 {[%emt 0:01:00]} Rb8 {[%emt 0:00:00]} 9. Qc2 {[%emt 0:04:44]} b5 {[%emt 0:00:00]} 10. e4 {[%emt 0:05:07]} e6 {[%emt 0:00:00]} 11. e5 {[%emt 0:18:38]} Ne8 {[%emt 0:05:00]} 12. Qf2 {[%emt 0:00:56]} b4 {[%emt 0:00:00]} 13. Nb1 {[%emt 0:06:18]} d4 {[%emt 0:00:00]} 14. Ng5 {[%emt 0:03:17]} Bb7 {[%emt 0:00:00]} 15. Ne4 {[%emt 0:02:34]} Qb6 {[%emt 0:00:00]} 16. Nbd2 {[%emt 0:05:14]} Ba6 {[%emt 0:00:00]} 17. c4 {[%emt 0:01:48]} f5 {[%emt 0:00:00]} 18. exf6 {[%emt 0:03:00]} Nxf6 {[%emt 0:00:00]} 19. Nxf6+ {[%emt 0:00:40]} Bxf6 {[%emt 0:00:00]} 20. Qe2 {[%emt 0:02:09]} Rbe8 {[%emt 0:00:00]} 21. Bh3 {[%emt 0:03:21]} Nd8 {[%emt 0:00:00]} 22. Ne4 {[%emt 0:01:35]} Bg7 {[%emt 0:00:00]} 23. g4 {[%emt 0:01:17]} Bb7 {[%emt 0:00:00]} 24. Bd2 {[%emt 0:01:39]} Bxe4 {[%emt 0:00:00]} 25. Qxe4 {[%emt 0:02:02]} Qc6 {[%emt 0:00:00]} 26. Bg2 {[%emt 0:01:22]} Qxe4 {[%emt 0:00:00]} 27. Bxe4 {[%emt 0:00:19]} Nf7 {[%emt 0:00:00]} 28. Rae1 {[%emt 0:00:55]} Nd6 {[%emt 0:00:00]} 29. Bc6 {[%emt 0:02:44]} Re7 {[%emt 0:00:00]} 30. h4 {[%emt 0:05:30]} Rc8 {[%emt 0:00:00]} 31. Bg2 {[%emt 0:00:34]} Rf8 {[%emt 0:00:00]} 32. Re2 {[%emt 0:03:30]} Kh8 {[%emt 0:00:00]} 33. Rfe1 {[%emt 0:06:00]} Rfe8 {[%emt 0:04:37]} 34. Bc6 {[%emt 0:00:56]} Rc8 {[%emt 0:00:52]} 35. Bd5 {[%emt 0:00:11]} e5 {[%emt 0:01:43]} 36. fxe5 {[%emt 0:01:13]} Rce8 {[%emt 0:00:34]} 37. Bf4 {[%emt 0:00:28]} Nf7 {[%emt 0:00:55]} 38. e6 {[%emt 0:02:36]} Nd8 {[%emt 0:00:50]} 39. Bd6 {[%emt 0:00:27]} 1-0

[Event "FIN-ch Seniors 2019"]
[Site "Helsinki"]
[Date "2019.06.18"]
[Round "9.8"]
[White "Saharinen, Petri"]
[Black "Terasalo, Kari"]
[Result "1-0"]
[WhiteElo "1719"]
[BlackElo "1780"]
[Annotator "NA"]
[PlyCount "63"]
[EventDate "2019.06.10"]
[EventType "swiss"]
[EventCountry "FIN"]
[SourceTitle "playchess.com"]
[Source "ChessBase"]
[SourceQuality "1"]
[TimeControl "40/5400+30:1800+30"]

1. d4 {[%emt 0:00:00]} Nf6 {[%emt 0:00:41]} 2. c4 {[%emt 0:00:00]} e6 {[%emt 0:00:05]} 3. Nc3 {[%emt 0:00:00]} d5 {[%emt 0:00:26]} 4. cxd5 {[%emt 0:00:08]} Nxd5 {[%emt 0:00:35]} 5. e4 {[%emt 0:00:16]} Nb6 {[%emt 0:00:38]} 6. Nf3 {[%emt 0:00:15]} Be7 {[%emt 0:01:11]} 7. Bb5+ {[%emt 0:00:35]} c6 {[%emt 0:00:14]} 8. Bd3 {[%emt 0:00:42]} O-O {[%emt 0:01:04]} 9. O-O {[%emt 0:00:08]} N8d7 {[%emt 0:01:18]} 10. e5 {[%emt 0:00:15]} Nd5 {[%emt 0:07:52]} 11. Nxd5 {[%emt 0:00:20]} cxd5 {[%emt 0:00:14]} 12. Qc2 {[%emt 0:00:17]} h6 {[%emt 0:00:38]} 13. Bd2 {[%emt 0:02:55]} f6 {[%emt 0:04:45]} 14. Bh7+ {[%emt 0:02:26]} Kh8 {[%emt 0:01:31]} 15. Nh4 {[%emt 0:00:24]} f5 {[%emt 0:00:36]} 16. Bxf5 {[%emt 0:02:13]} Bxh4 {[%emt 0:03:53]} 17. Bg6 {[%emt 0:02:22]} Nb6 {[%emt 0:02:12]} 18. b3 {[%emt 0:00:40]} Bd7 {[%emt 0:00:12]} 19. Qd3 {[%emt 0:00:34]} Be8 {[%emt 0:01:55]} 20. g3 {[%emt 0:01:13]} Be7 {[%emt 0:02:06]} 21. Rac1 {[%emt 0:11:24]} Bg5 {[%emt 0:05:52]} 22. f4 {[%emt 0:00:15]} Be7 {[%emt 0:00:33]} 23. h4 {[%emt 0:00:38]} Bf7 {[%emt 0:03:10]} 24. f5 {[%emt 0:00:47]} Bxg6 {[%emt 0:04:50]} 25. fxg6 {[%emt 0:00:16]} Qd7 {[%emt 0:04:32]} 26. Rf7 {[%emt 0:04:15]} Rxf7 {[%emt 0:00:53]} 27. gxf7 {[%emt 0:00:09]} Bxh4 {[%emt 0:15:42]} 28. Qg6 {[%emt 0:01:35]} Rf8 {[%emt 0:09:16]} 29. Rf1 {[%emt 0:00:29]} Qe7 {[%emt 0:05:50]} 30. Bxh6 {[%emt 0:00:19]} Rg8 {[%emt 0:01:38]} 31. Bxg7+ {[%emt 0:01:46]} Rxg7 {[%emt 0:00:29]} 32. Qh6+ {[%emt 0:00:07]} 1-0